000 00665nam a2200241Ia 4500
003 GCL
008 140319s9999 xx 000 0 ara d
040 _aGCL /
_cGCL
082 0 4 _a881
_bا ف
100 1 _aثروت عكاشة
245 1 0 _aفن الهوى /
_cثروت عكاشة
700 1 _aاوفيد
700 1 _aمجدى وهبة
260 _a[S.N] :
_bالهيئة المصرية العامة للكتاب ،
_c1992
300 _a213 ص
490 _a
650 0 4 _aالادب
650 0 4 _aالاساطير العربية
650 0 4 _aالقصص
650 0 4 _aالفن والاساطير
650 0 4 _aالاساطير
942 _2ddc
_cBK
999 _c54093
_d54093